000 00383pab a2200169 454500
008 180718b2010 xxu||||| |||| 00| 0 eng d
100 _aJoshi, Puran Chandra
245 _aNehru legacy for socialism
260 _c2010
300 _ap.30-33.
362 _a13 Nov
650 _aSocialism
650 _aNehru, Jawaharlal
773 _aMainstream
908 _aN
909 _a89682
999 _c89682
_d89682